Perspectivas Económicas em África 2012 (Versão Condensada) Promoção do Emprego Jovem.

Parte um: Situação macroeconómica e perspectivas futuras da Africa Capítulo 1: Perspectivas macroeconómicas Capítulo 2: Fluxos financeiros externos e receitas fiscais em África Capítulo 3: Evolução das negociações internacionais sobre comércio em 2011 Capítulo 4: Desenvolvimento humano...

Full description

Bibliographic Details
Main Author: Bank, African Development.
Other Authors: Development, Organisation for Economic Co-operation and., Programme, United Nations Development., Africa, United Nations Economic Commission for.
Format: eBook
Language:Portuguese
Published: Paris : OECD Publishing, 2012.
Edition:1st ed.
Subjects:
Online Access:Click to View
LEADER 05899nam a22004213i 4500
001 EBC6410463
003 MiAaPQ
005 20231204023215.0
006 m o d |
007 cr cnu||||||||
008 231204s2012 xx o ||||0 por d
020 |a 9789264177673  |q (electronic bk.) 
020 |z 9789264177659 
035 |a (MiAaPQ)EBC6410463 
035 |a (Au-PeEL)EBL6410463 
035 |a (OCoLC)1225549842 
040 |a MiAaPQ  |b eng  |e rda  |e pn  |c MiAaPQ  |d MiAaPQ 
100 1 |a Bank, African Development. 
245 1 0 |a Perspectivas Económicas em África 2012 (Versão Condensada) Promoção do Emprego Jovem. 
250 |a 1st ed. 
264 1 |a Paris :  |b OECD Publishing,  |c 2012. 
264 4 |c {copy}2012. 
300 |a 1 online resource (200 pages) 
336 |a text  |b txt  |2 rdacontent 
337 |a computer  |b c  |2 rdamedia 
338 |a online resource  |b cr  |2 rdacarrier 
505 0 |a Intro -- Índice -- Sumário executivo -- Parte Um: Performance e perspectivas em África -- Capítulo 1: Perspectivas macroeconómicas -- O alargamento do crescimento africano -- O Norte de África recupera gradualmente da turbulência política -- A pressão inἀacionista diminui -- Política monetária: ponderar os riscos inἀacionistas relativamente aos riscos de recessão económica -- A consolidação orçamental é uma prioridade em muitos países -- O posicionamento externo varia grandemente no continente -- Capítulo 2: Fluxos ἀnanceiros externos e receitas ἀscais em África -- Fluxos de Investimento Directo Externo -- Remessas -- Ajuda pública ao desenvolvimento -- Aumentar as receitas ἀscais em prol do desenvolvimento -- Capítulo 3: Evolução das negociações internacionais sobre comércio em 2011 -- Desenvolvimentos da integração regional em África -- Infraestruturas regionais -- Progressos nas infraestruturas -- Colmatar as lacunas infraestruturais -- Capítulo 4: Desenvolvimento humano -- Estado do desenvolvimento humano em África -- Fuga de capitais e desenvolvimento humano em África -- Fuga de capitais e luta contra a pobreza -- Conclusão -- Capítulo 5: Governação política e económica -- Governação política -- Protestos e violência civil -- Resposta governamental e liberdade política -- O protesto democrático -- Paz e segurança -- Corrupção -- Governação económica -- Parte DoisTema Especial -- Capítulo 6: Promover o emprego juvenil -- Como ler este relatório -- Os jovens nos mercados de trabalho africanos: demasiado maus empregos em países pobres, demasiado poucos empregos em países de rendimento médio -- Quem são os jovens trabalhadores em África? -- Perspectivas de emprego para os jovens - a contratação do sector público e privado é insuἀciente -- Emprego juvenil no sector informal - uma oportunidade, não um transtorno. 
505 8 |a Obstáculos e necessidades dos jovens nos mercados de trabalho africanos o maior problema é a falta de empregos -- Falta de empregos - Os jovens precisam que as empresas cresçam e ofereçam empregos -- Desfasamentos de educação e de competências - Os jovens precisam de uma educação mais extensiva que responda às necessidades do mercado de trabalho -- Informação sobre o mercado de trabalho e correspondências - um problema para os jovens desfavorecidos, a maioria dos serviços públicos é ineἀcaz -- Atitudes e expectativas dos empregadores e dos jovens - Os empregadores precisam de incentivos à contratação dos jovens que procuram o primeiro emprego, e os jovens precisam de orientação para adaptar as suas expectativas -- Regulamentação do mercado de trabalho. Os jovens precisam de normas que tornem o seu recrutamento atractivo -- Acção governamental para promover o emprego juvenil: um historial fraco. São necessários mais dados e melhor coordenação -- Conclusão -- Anexo I: Características básicas dos jovens africanos -- Anexo II: Análise multivariada dos determinantes do estatuto de emprego -- Determinantes do estatuto do emprego -- O impacto da educação na probabilidade de ser assalariado -- Parte Três: Notas países -- Angola -- Cabo Verde -- Guiné-Bissau -- Moçambique -- São Tomé e Príncipe -- Partenaires. 
520 |a Parte um: Situação macroeconómica e perspectivas futuras da Africa Capítulo 1: Perspectivas macroeconómicas Capítulo 2: Fluxos financeiros externos e receitas fiscais em África Capítulo 3: Evolução das negociações internacionais sobre comércio em 2011 Capítulo 4: Desenvolvimento humano Capítulo 5: Governação política e económica Parte dois: Tema especial Capítulo 6: Promover o emprego juvenil Parte três: Notas países Notas completas dos países lusófonos disponível na página: www.africaneconomicoutlook.org -Angola -Cabo Verde -Guiné-Bissau -Moçambique -São Tomé e Príncipe O Anexo Estatístico está disponível em inglês e francês em: www.africaneconomicoutlook.org. 
588 |a Description based on publisher supplied metadata and other sources. 
590 |a Electronic reproduction. Ann Arbor, Michigan : ProQuest Ebook Central, 2023. Available via World Wide Web. Access may be limited to ProQuest Ebook Central affiliated libraries.  
655 4 |a Electronic books. 
700 1 |a Development, Organisation for Economic Co-operation and. 
700 1 |a Programme, United Nations Development. 
700 1 |a Africa, United Nations Economic Commission for. 
776 0 8 |i Print version:  |a Bank, African Development  |t Perspectivas Económicas em África 2012 (Versão Condensada) Promoção do Emprego Jovem  |d Paris : OECD Publishing,c2012  |z 9789264177659 
797 2 |a ProQuest (Firm) 
856 4 0 |u https://ebookcentral.proquest.com/lib/matrademy/detail.action?docID=6410463  |z Click to View